| 000 | 00559nam a2200193Ia 4500 | ||
|---|---|---|---|
| 003 | IN-BaIIA | ||
| 008 | 211028s9999 xx 000 0 eng d | ||
| 020 | _a88-7830-427-1 | ||
| 040 | _cIIA Library | ||
| 080 |
_a52-3 _bLOI |
||
| 100 |
_aLoinger, Angelo _926821 |
||
| 245 | 0 |
_aOn BH's and GW's II _cAngelo Loinger |
|
| 260 |
_aPavia _bLa Goliardica Pavese _c2005 |
||
| 300 | _a62p. | ||
| 650 |
_aBlack holes _97728 |
||
| 650 |
_aGravity and motion _929446 |
||
| 650 |
_aRelativistic motions _929447 |
||
| 942 | _cBK | ||
| 999 |
_c15948 _d15948 |
||